000 00274nam a2200121Ia 4500
100 _aBoguslavsky
942 _cBK
654 _alathes
245 _aAutomatic & Semiautomatic Lathes
260 _bForeign Language Publication
_c2001
082 _a621.9
546 _aENGLISH
999 _c27284
_d27284